[Event "Mephisto Cup (40/120')"]
[Site "?"]
[Date "2013.??.??"]
[Round "6"]
[White "Mephisto ARM2, RISC 1.2."]
[Black "Saitek SH7034, Magellan"]
[Result "0-1"]
[WhiteElo "2263"]
[BlackElo "2229"]
[Annotator "xchessg"]
[PlyCount "127"]
[SourceDate "2009.11.09"]

1. d4 d5 2. c4 dxc4 3. Nf3 Nf6 4. e3 e6 5. Bxc4 c5 6. O-O cxd4 7. exd4 Nc6 8.
Nc3 Be7 9. Bf4 {[%eval 12,0] *Grossbuch;} O-O {*Fullbook; +0.1} 10. Re1 b6 11.
Rc1 Bb7 12. d5 $2 Na5 {-0.6} 13. b3 {[%eval -6,0]} exd5 14. Bd3 {[%eval -2,0]}
Bb4 {a tempo} 15. Bd2 Nc6 16. Nb5 {a tempo} Be7 17. Bg5 a6 18. Nbd4 Nxd4 {a
tempo} 19. Nxd4 Bb4 20. Re2 {[%eval 0,0]} Bd6 {-0.5} 21. Bf5 h6 22. Bh4 {a
tempo} Bf4 23. Nc6 $6 (23. Rc3) 23... Qd6 24. Ne7+ Kh8 25. Bg3 {[%eval -61,0]}
Bxg3 {-1.7} 26. fxg3 {a tempo} Rfe8 27. Qe1 Rad8 {a tempo} 28. Bd3 Ne4 29. Nf5
Qe5 30. Ne3 {[%eval -90,0]} Nc5 {-1.7} 31. Ng4 Qd4+ {a tempo} 32. Nf2 Rxe2 {a
tempo} 33. Qxe2 Ne4 34. Bxe4 dxe4 35. Rd1 Qf6 36. Re1 Re8 37. Nd1 Kh7 38. Ne3
b5 39. Rf1 Qe7 40. Qf2 Qc5 41. b4 Qb6 42. Nf5 e3 43. Qe2 Re5 44. g4 Bd5 45. Re1
Bc4 46. Qf3 e2+ 47. Qf2 Qe6 48. h3 Bxa2 49. Nd4 {a tempo} Qc4 50. Kh2 {[%eval
-181,0]} Bb3 {-2.6} 51. Nxb3 Qxb3 52. Rxe2 Rxe2 53. Qxe2 Qxb4 54. Qc2+ g6 55.
Qa2 Qf4+ 56. Kg1 Qd4+ 57. Kh2 Qf6 58. Kh1 Kg7 59. Qa3 Qb6 60. Qc3+ Kh7 61. Qf3
Kg8 62. Qc3 b4 63. Qc8+ Kg7 64. Qc2 {[%eval -305,0]} 0-1

[Event "Mephisto Cup (40/120')"]
[Site "?"]
[Date "2013.??.??"]
[Round "7"]
[White "Saitek SH7034, Magellan"]
[Black "Mephisto ARM2, RISC 1.2."]
[Result "0-1"]
[WhiteElo "2229"]
[BlackElo "2263"]
[Annotator "xchessg"]
[PlyCount "65"]
[SourceDate "2009.11.09"]

1. g3 d5 2. d4 e6 3. Bg2 Nf6 4. Nf3 Be7 5. O-O O-O 6. c3 Nbd7 {[%eval 3,0]
*Grossbuch;} 7. Bg5 h6 8. Bf4 {*Fullbook; +0.0} c5 9. Nbd2 g5 {a tempo} 10.
Nxg5 {-0.3} hxg5 {[%eval 106,0]} 11. Bxg5 e5 12. dxe5 Nxe5 13. Qb3 c4 14. Qc2 {
a tempo} Bg4 15. Rae1 Re8 16. h3 Be6 {a tempo} 17. e4 Nd3 18. Bxf6 Bxf6 {a
tempo} 19. exd5 Nxe1 20. Rxe1 {-0.5} Bd7 {[%eval 160,0]} 21. Rxe8+ Qxe8 22.
Nxc4 Qe1+ 23. Kh2 Re8 24. Qd2 {a tempo} Qxd2 25. Nxd2 {a tempo} Re2 26. Ne4 Be5
27. f4 Bf5 {a tempo} 28. Ng5 Bf6 29. Kg1 Rxb2 30. g4 {a tempo; -2.6} Bxg5 31.
fxg5 Bc8 {[%eval 344,0]} 32. a4 Rc2 33. Be4 {-2.6} 0-1

[Event "Mephisto Cup (40/120')"]
[Site "?"]
[Date "2013.??.??"]
[Round "8"]
[White "Mephisto ARM2, RISC 1.2."]
[Black "Saitek SH7034, Magellan"]
[Result "1-0"]
[WhiteElo "2263"]
[BlackElo "2229"]
[Annotator "xchessg"]
[PlyCount "103"]
[SourceDate "2009.11.09"]

1. e4 c5 2. Nf3 d6 3. d4 cxd4 4. Nxd4 Nc6 5. Bb5 {[%eval 34,0] *Grossbuch;} Bd7
{*Randombook; +0.1} 6. Be3 {a tempo} g6 7. Nc3 Bg7 {a tempo} 8. O-O Nf6 9. f3 {
a tempo} O-O 10. Bc4 {[%eval 20,0] a tempo;} a6 {+0.0} 11. Nxc6 Bxc6 12. a4 Rc8
13. Bb3 Qc7 14. Qd2 Nd7 15. a5 {[%eval 12,0] a tempo;} Nc5 {-0.1} 16. Bd5 e6
17. Bxc6 bxc6 {a tempo} 18. Rfd1 Rfd8 {a tempo} 19. Ra2 Qe7 20. Ne2 {[%eval 33,
0]} d5 {-0.1} 21. Qb4 Bf8 {a tempo} 22. e5 Nd7 23. Qxe7 {a tempo} Bxe7 24. Bb6
Re8 25. f4 g5 26. g3 gxf4 27. gxf4 c5 28. c4 d4 29. Ra3 Kh8 30. Rb3 Rb8 {-1.2}
31. Nc1 Rb7 32. Kf2 Rg8 33. Rg1 Bh4+ 34. Kf1 Rxg1+ 35. Kxg1 {[%eval -76,0]} Kg7
{-1.1} 36. Kg2 Kg6 37. Rh3 Be7 38. Rg3+ Kf5 39. Kf3 Nxb6 40. axb6 {[%eval -107,
0]} f6 {-0.5} 41. Nd3 Rxb6 {a tempo} 42. Rg7 Rb3 {a tempo} 43. Ke2 Bf8 44. Rxh7
Ke4 45. Rh3 {[%eval 6,0]} Rxd3 {-0.4} 46. Rxd3 {[%eval -22,0]} f5 47. Rh3 {a
tempo} Kxf4 48. Rh8 Bg7 {a tempo} 49. Rc8 Ke4 50. Rxc5 {[%eval 10,0]} Bxe5 {-0.
2} 51. Rxe5+ $1 {[%eval 403,0]} Kxe5 {+2.8} 52. h4 1-0

[Event "Mephisto Cup (40/120')"]
[Site "?"]
[Date "2013.??.??"]
[Round "9"]
[White "Saitek SH7034, Magellan"]
[Black "Mephisto ARM2, RISC 1.2."]
[Result "0-1"]
[WhiteElo "2229"]
[BlackElo "2263"]
[Annotator "xchessg"]
[PlyCount "58"]
[SourceDate "2009.11.09"]

1. e4 e5 2. d4 exd4 3. Qxd4 Nc6 4. Qe3 Nf6 5. Nc3 Bb4 6. Bd2 O-O 7. O-O-O Re8 {
[%eval 13,0] *Grossbuch;} 8. f3 {*Fullbook; +0.0} d5 9. Nxd5 {a tempo} Nxd5 10.
Qf2 {+0.0} Be7 {[%eval 61,0]} 11. exd5 Qxd5 {a tempo} 12. c4 Qf5 {a tempo} 13.
g4 Bc5 14. Qg2 Qg6 {a tempo} 15. Bc3 Be3+ {a tempo} 16. Bd2 Bxd2+ {a tempo} 17.
Qxd2 f5 18. Bd3 Ne5 19. Bxf5 Bxf5 20. gxf5 {-0.5} Qxf5 {[%eval 71,0] a tempo;}
21. b3 Qf6 {a tempo} 22. Qc2 Nd3+ $3 {[%eval 139,0]} 23. Kb1 {-1.3} Nb4 24. Qg2
{a tempo} Rad8 25. Nh3 {-1.6} Rd6 {[%eval 106,0]} 26. Rxd6 Qxd6 27. Rg1 Qd3+ {
[%eval 302,0]} 28. Ka1 {-3.1} g6 29. Nf4 Qd4+ 0-1

[Event "Mephisto Cup (40/120')"]
[Site "?"]
[Date "2013.??.??"]
[Round "10"]
[White "Mephisto ARM2, RISC 1.2."]
[Black "Saitek SH7034, Magellan"]
[Result "1/2-1/2"]
[WhiteElo "2263"]
[BlackElo "2229"]
[Annotator "xchessg"]
[PlyCount "122"]
[SourceDate "2009.11.09"]

1. e4 c6 2. d4 d5 3. Nc3 dxe4 4. Nxe4 Bf5 5. Ng3 Bg6 6. h4 h6 7. h5 Bh7 8. Nf3
Nd7 9. Bd3 Bxd3 10. Qxd3 Qc7 11. Bd2 Ngf6 12. O-O-O {[%eval 10,0] *Grossbuch;}
e6 13. Rde1 O-O-O {*Fullbook; -0.6} 14. Ne4 Nxe4 15. Qxe4 Bd6 16. g3 {a tempo}
Qb6 17. Qg4 Qa6 18. Kb1 Bf8 19. Ne5 Nxe5 20. Rxe5 {[%eval 37,0]} Rd7 {-0.4} 21.
Bc3 Qc4 22. Rhe1 Rg8 23. f4 Bd6 {a tempo} 24. R5e2 Qd5 25. Qh3 {[%eval 23,0]}
Bc7 {-0.5} 26. Re4 Rgd8 27. g4 Qb5 28. a3 Rd5 29. f5 exf5 30. gxf5 {[%eval 29,
0]} Kb8 {-0.2} 31. Qg4 {a tempo} Rxf5 32. Qxg7 Rxh5 33. Re7 Rf5 34. Qxh6 Rf2
35. Qh3 {[%eval 37,0]} Qg5 36. Qd3 {a tempo} Bd6 37. Re8 Bc7 38. R1e7 Qd5 39.
Be1 Rf3 {a tempo} 40. Qd2 {[%eval 33,0]} Rf1 {-0.1} 41. c3 f5 42. Qd3 Rg1 43.
c4 Qd6 {a tempo} 44. Ka2 Rg8 {a tempo} 45. Rxg8 Qxe7 46. Rxd8+ Qxd8 47. d5 f4
48. Bb4 Qd7 49. d6 Bb6 50. Bd2 {[%eval 65,0]} Be3 {a tempo; +0.2} 51. Bxe3 fxe3
52. c5 Qe6+ {a tempo} 53. b3 {abgebrochen} Qh3 54. a4 Qh2+ 55. Ka3 {[%eval 0,0]
} Qd2 56. Qh7 {a tempo} Qc1+ 57. Ka2 Qd2+ 58. Ka3 Qc1+ 59. Ka2 Qd2+ 60. Kb1
Qd1+ 61. Ka2 Qd2+ 1/2-1/2

[Event "Mephisto Cup (40/120')"]
[Site "?"]
[Date "2011.??.??"]
[Round "1"]
[White "Mephisto ARM2, RISC 1.2."]
[Black "Mephisto ARM2, RISC 2.0."]
[Result "1/2-1/2"]
[WhiteElo "2263"]
[BlackElo "2241"]
[Annotator "xchessg"]
[PlyCount "240"]
[SourceDate "2009.11.09"]

1. e4 e5 2. Nf3 Nc6 3. Bb5 a6 4. Ba4 Nf6 5. O-O Nxe4 6. d4 b5 7. Bb3 d5 8. dxe5
Be6 9. Qe2 Be7 10. Rd1 O-O 11. c4 bxc4 12. Bxc4 Bc5 13. Be3 Bxe3 14. Qxe3 Qb8
15. Bb3 Na5 16. Nbd2 Qa7 17. Qxa7 Rxa7 18. Nxe4 {[%eval 24,0] *Turnierbuch;}
Nxb3 {[%eval -15,0] *Turnierbuch,} 19. axb3 dxe4 20. Nd4 c5 21. Nxe6 fxe6 22.
h4 Raf7 23. Rd2 Rf5 24. Rxa6 Rxe5 25. Ra7 {[%eval 35,0]} Rd5 {[%eval -13,0]}
26. Re2 Rd1+ 27. Kh2 Rf4 28. g3 Rf5 29. Kg2 Rd4 30. Re7 {[%eval 49,0]} Rd6 {
[%eval -39,0]} 31. Rb7 Rd4 32. Rc2 Rfd5 33. Rc4 Rd2 34. Rxe4 Rf5 35. Kh3 {
[%eval 12,0]} Rfxf2 {[%eval 0,0]} 36. Re5 h5 37. Rxh5 Rh2+ 38. Kg4 Rd4+ 39. Kf3
Rd5 40. Rxd5 {[%eval 13,0]} exd5 {[%eval 0,0]} 41. Rc7 Rxb2 42. Rxc5 Rxb3+ 43.
Kf4 Rd3 44. Rc7 Kh7 45. Rc6 {[%eval 15,0]} Kg8 {[%eval -7,0]} 46. h5 d4 47. Rd6
Kh7 48. g4 Rd1 49. Kg5 d3 50. Rd7 {[%eval 103,0]} d2 {[%eval -93,0]} 51. Rd8
Ra1 52. Rxd2 Ra5+ 53. Kf4 Ra4+ 54. Kf5 Ra5+ 55. Ke4 Ra1 56. Rd5 Kh6 57. Rd6+
Kh7 58. Rd7 Kh6 59. Ke3 Ra3+ 60. Ke2 {[%eval 95,0]} Ra2+ 61. Kf3 Ra3+ 62. Kf4
Ra4+ 63. Kg3 Ra3+ 64. Kh4 Ra4 65. Rd8 {[%eval 114,0]} Kh7 {[%eval -97,0]} 66.
Re8 Rb4 67. Kg3 Rb3+ 68. Kf4 Rb1 69. Re6 Rf1+ 70. Kg5 Rb1 71. Re7 Ra1 72. Re4
Rb1 73. Kf5 Rf1+ 74. Rf4 Rh1 75. Rc4 Rf1+ 76. Kg5 Ra1 77. Rd4 Rf1 78. Ra4 Rc1
79. Ra5 Rc6 80. Kf4 {[%eval 109,0]} Rc4+ 81. Kf5 Rc2 82. g5 Rf2+ 83. Kg4 Rg2+
84. Kf4 Rh2 85. Ra8 Rf2+ 86. Kg3 Rd2 87. Ra7 Kg8 $6 (87... Rd3+ $14) 88. Kf4 (
88. g6 $18 {[%emt 0:00:10] Junior}) 88... Rd4+ (88... Kh7) 89. Ke5 Rd1 90. Ke4
$6 (90. g6) 90... Rf1 (90... Kh7) 91. Rc7 (91. g6) 91... Ra1 (91... Kh7 $14)
92. g6 {[%eval 139,0] a Tempo;} Re1+ 93. Kd4 Rd1+ 94. Ke3 Re1+ 95. Kf3 Re8 96.
Kg4 Re4+ 97. Kf5 Re8 98. Ra7 Kf8 99. Rf7+ Kg8 100. Rb7 {[%eval 141,0]} Kf8 {
[%eval -124,0]} 101. Ra7 Kg8 102. Kf4 Kf8 103. Rb7 Ra8 104. Rc7 Re8 105. Rf7+
Kg8 106. Rb7 Kf8 107. Ra7 Kg8 108. Ra5 Rd8 109. Kg5 Kf8 110. Rf5+ {[%eval 198,
0]} Kg8 {[%eval -206,0]} 111. Rb5 Kh8 112. h6 gxh6+ 113. Kxh6 {[%eval 200,0]}
Re8 {[%eval -186,0]} 114. Rb7 Kg8 115. Rc7 Rb8 116. Rg7+ Kh8 117. Re7 Kg8 118.
Ra7 Kh8 119. Rh7+ Kg8 120. Re7 {[%eval 199,0]} Ra8 {[%eval -183,0]} 1/2-1/2

[Event "Mephisto Cup (40/120')"]
[Site "?"]
[Date "2011.??.??"]
[Round "2"]
[White "Mephisto ARM2, RISC 2.0."]
[Black "Mephisto ARM2, RISC 1.2."]
[Result "0-1"]
[WhiteElo "2241"]
[BlackElo "2263"]
[Annotator "xchessg"]
[PlyCount "84"]
[SourceDate "2009.11.09"]

1. c4 c6 2. d4 d5 3. Nf3 Nf6 4. Nc3 dxc4 5. a4 Bf5 6. e3 e6 7. Bxc4 Bb4 8. O-O
O-O 9. Nh4 Nbd7 10. f3 Bg6 11. Nxg6 hxg6 12. Qc2 Nb6 {[%eval -18,0]
*Turnierbuch;} 13. Bb3 {[%eval 34,0] *Turnierbuch;} Rc8 14. Rd1 a5 15. e4 c5
16. Be3 cxd4 17. Bxd4 Nfd7 18. Rac1 Qe7 19. Qe2 Nc5 20. Bc2 {[%eval 11,0]} Rfd8
{[%eval -12,0]} 21. Qb5 Na8 22. Kh1 e5 23. Be3 Rxd1+ 24. Bxd1 Qd8 25. Nd5 {
[%eval 29,0]} Nc7 {[%eval -28,0]} 26. Nxc7 Rxc7 27. Be2 Qc8 28. h3 Rc6 29. Bxc5
b6 30. f4 {[%eval 51,0]} exf4 {[%eval 35,0]} 31. Bg4 Qc7 32. Rd1 Bxc5 (32...
Rxc5 33. Qe8+ Kh7 34. Rd8 Rc1+ 35. Kh2 Kh6 $15 {[%emt 0:00:10] Junior}) 33. Rd7
Qc8 34. Qd3 $6 (34. Rd1 Qc7 35. Rd7 $11) 34... Bf8 35. Kh2 {[%eval -65,0]} Qe8
{[%eval 56,0]} 36. Qd5 Rc5 37. Qb3 f3 {a Tempo} 38. gxf3 Qe5+ 39. Kg2 Bd6 {a
Tempo} 40. Qxf7+ {[%eval -158,0]} Kh7 {[%eval 425,0]} 41. Qxg7+ Qxg7 42. Rxg7+
Kxg7 0-1

[Event "Mephisto Cup (40/120')"]
[Site "?"]
[Date "2011.??.??"]
[Round "3"]
[White "Mephisto ARM2, RISC 1.2."]
[Black "Mephisto ARM2, RISC 2.0."]
[Result "1/2-1/2"]
[WhiteElo "2263"]
[BlackElo "2241"]
[Annotator "xchessg"]
[PlyCount "123"]
[SourceDate "2009.11.09"]

1. e4 c5 2. Nf3 d6 3. d4 cxd4 4. Nxd4 Nf6 5. Nc3 a6 6. Bg5 e6 7. f4 Qb6 8. Qd2
Qxb2 9. Rb1 Qa3 10. f5 Nc6 11. fxe6 fxe6 12. Nxc6 bxc6 13. Be2 Be7 14. O-O O-O
15. Kh1 Ra7 16. Qe3 Rb7 17. Rxb7 Bxb7 18. Nd5 Qxe3 {[%eval 44,0] *Turnierbuch;}
19. Nxe7+ {[%eval -27,0] *Turnierbuch:} Kf7 20. Bxe3 {[%eval -33,0]} Kxe7 {
[%eval 45,0]} 21. e5 Ne4 22. Rb1 Bc8 23. Bf3 Nc3 24. Rf1 Nd5 25. Bg5+ {[%eval
-20,0]} Kd7 {[%eval 34,0]} 26. c4 dxe5 27. cxd5 cxd5 28. Rd1 Bb7 29. Be3 Rc8
30. Rb1 {[%eval -21,0]} Ba8 {[%eval 46,0]} 31. Rb6 d4 32. Bg1 Bd5 33. Rxa6 e4
34. Bg4 (34. Bxe4 Bxe4 35. Bxd4 Rc1+ 36. Bg1 g6 $17) 34... e3 (34... Rc1 $18 {
[%emt 0:00:10] Junior}) 35. Ra4 Rc4 36. Bd1 Ke7 37. Ra7+ Kf6 38. Rd7 Rc3 39.
Bf3 Bxf3 40. gxf3 {[%eval -109,0]} e5 41. f4 Ke6 42. Rd8 Ra3 43. Re8+ Kf5 44.
fxe5 Rxa2 45. e6 Ra7 {[%eval 121,0]} 46. Rd8 Ke4 47. Rd7 Ra6 48. e7 Re6 49. Kg2
d3 50. Kf1 {[%eval -71,0]} g5 {[%eval 58,0]} 51. Ke1 h6 52. h3 h5 {[%eval 20,0]
} 53. Bh2 {[%eval -83,0]} g4 {[%eval 95,0]} 54. hxg4 hxg4 55. Kf1 {[%eval -38,
0]} Kf3 {[%eval 46,0]} 56. Rxd3 Rxe7 57. Rd8 Rb7 58. Rf8+ Ke4 59. Re8+ Kd5 60.
Rd8+ {[%eval -18,0]} Ke6 61. Re8+ Kf5 62. Rf8+ 1/2-1/2

[Event "Mephisto Cup (40/120')"]
[Site "?"]
[Date "2011.??.??"]
[Round "4"]
[White "Mephisto ARM2, RISC 2.0."]
[Black "Mephisto ARM2, RISC 1.2."]
[Result "1-0"]
[WhiteElo "2241"]
[BlackElo "2263"]
[Annotator "xchessg"]
[PlyCount "121"]
[SourceDate "2009.11.09"]

1. c4 c6 2. d4 d5 3. Nf3 Nf6 4. Nc3 dxc4 5. a4 Bf5 6. e3 e6 7. Bxc4 Bb4 8. O-O
O-O 9. Nh4 Bg4 10. f3 Bh5 11. g4 Bg6 12. e4 Nbd7 13. g5 Ne8 14. Nxg6 hxg6 15.
Be3 Nc7 16. Qd2 e5 {[%eval -18,0] *Turnierbuch,} 17. Rad1 {[%eval 27,0]
*Turnierbuch;} Qe7 18. f4 Nb6 19. Bb3 exf4 20. Bxf4 {[%eval 17,0]} Ne6 {[%eval
-7,0]} 21. Qg2 Rad8 22. Be3 Ba5 23. Qg3 Rfe8 24. Ne2 Rd7 25. Rd3 c5 {[%eval 3,
0] a Tempo;} 26. Rdd1 {[%eval 5,0]} cxd4 27. Nxd4 Nd8 28. Rf4 {[%eval 46,0]}
Qe5 {[%eval -6,0]} 29. Qh3 {[%eval 21,0]} Bb4 {[%eval -84,0]} 30. Rg4 {[%eval
118,0]} Bc5 {[%eval -29,0] a Tempo;} 31. Rh4 Kf8 {a Tempo} 32. Bd5 Bxd4 {
[%eval -172,0]} 33. Bxd4 {[%eval 180,0] a Tempo;} Qxg5+ 34. Kh1 Ne6 35. Bxe6 {
[%eval 160,0]} Rxd4 {[%eval -154,0]} 36. Rh8+ Ke7 37. Qa3+ {[%eval 230,0]} Kxe6
{[%eval -212,0]} 38. Rxd4 {a Tempo} Qc1+ {[%eval -149,0]} 39. Kg2 {[%eval 134,
0]} Qg5+ 40. Kf3 {[%eval 134,0]} Qf6+ {[%eval -151,0]} 41. Kg4 {[%eval 174,0]}
Qxd4 42. Rxe8+ Kd7 {a Tempo} 43. Qe7+ Kc6 44. Qxf7 Qg1+ 45. Kh3 {[%eval 186,0]
a Tempo;} Qe3+ {[%eval -161,0]} 46. Kg2 Qe2+ {a Tempo} 47. Kg3 Qe3+ 48. Qf3
Qg5+ 49. Qg4 {a Tempo} Qe3+ 50. Kg2 {[%eval 205,0]} Qd2+ 51. Kh1 Qe1+ 52. Qg1
Qxg1+ {[%eval -214,0]} 53. Kxg1 Nxa4 54. Rd8 Nc5 55. e5 {[%eval 218,0]} Kc7 {
[%eval -203,0]} 56. Rd6 Nd7 57. Rd5 Nf8 58. Kg2 Ne6 59. Rd6 Nc5 60. Kf3 {
[%eval 263,0]} g5 {[%eval -268,0]} 61. Kg4 1-0

[Event "Mephisto Cup (40/120')"]
[Site "?"]
[Date "2011.??.??"]
[Round "5"]
[White "Mephisto ARM2, RISC 1.2."]
[Black "Mephisto ARM2, RISC 2.0."]
[Result "0-1"]
[WhiteElo "2263"]
[BlackElo "2241"]
[Annotator "xchessg"]
[PlyCount "119"]
[SourceDate "2009.11.09"]

1. e4 c6 2. d4 d5 3. Nc3 dxe4 4. Nxe4 Bf5 5. Ng3 Bg6 6. h4 h6 7. h5 Bh7 8. Nf3
Nd7 9. Bd3 Bxd3 10. Qxd3 Qc7 11. Bd2 e6 12. O-O-O Ngf6 13. Ne4 O-O-O 14. g3 Nc5
15. Nxc5 Bxc5 16. Kb1 Bd6 {[%eval -12,0] *Turnierbuch;} 17. Qe2 {[%eval 21,0]
*Turnierbuch;} Ng4 {a Tempo} 18. Bc3 Nf6 19. Ne5 Nd5 20. Bd2 {[%eval 35,0]}
Rhe8 {[%eval -27,0]} 21. Rhe1 {a Tempo} Qe7 22. Ba5 Bc7 23. Bxc7 Nxc7 {a Tempo}
24. f4 f6 25. Ng6 {[%eval 42,0]} Qd6 {[%eval -30,0]} 26. c4 Rd7 27. g4 Qb4 28.
a3 Qb3 29. Rd2 Red8 30. Red1 {[%eval -18,0]} Kb8 {[%eval 25,0]} 31. Kc1 Qa2 32.
Nh4 b5 {a Tempo} 33. c5 b4 34. axb4 Nd5 35. Qd3 {[%eval -52,0]} Qa1+ {[%eval
60,0]} 36. Qb1 {a Tempo} Qxb1+ 37. Kxb1 Nxf4 38. Nf3 {a Tempo} Ka8 39. b5 {a
Tempo} cxb5 40. b3 {[%eval -58,0]} Kb7 {[%eval 65,0]} 41. Rc1 Kc6 42. Ra2 Kd5
43. Rd1 e5 44. dxe5+ Kxc5 45. Rxd7 {[%eval -101,0]} Rxd7 {[%eval 111,0]} 46.
exf6 gxf6 47. Rf2 Nd3 48. Re2 Rg7 49. Re4 Nf2 50. b4+ {[%eval -114,0]} Kd5 {
[%eval 134,0]} 51. Rd4+ Ke6 52. Nh2 Rc7 53. Rf4 Nd3 {a Tempo} 54. Rd4 Rc3 {a
Tempo} 55. Ka2 {[%eval -197,0]} a5 {[%eval 245,0]} 56. bxa5 {a Tempo} b4 57.
Kb1 {a Tempo} b3 58. Rxd3 {[%eval -212,0]} Rxd3 {[%eval 224,0]} 59. a6 Ke5 {a
Tempo} 60. a7 {[%eval -265,0]} 0-1

[Event "Mephisto Cup (40/120')"]
[Site "?"]
[Date "2011.??.??"]
[Round "6"]
[White "Mephisto ARM2, RISC 2.0."]
[Black "Mephisto ARM2, RISC 1.2."]
[Result "1/2-1/2"]
[WhiteElo "2241"]
[BlackElo "2263"]
[Annotator "xchessg"]
[PlyCount "81"]
[SourceDate "2009.11.09"]

1. e4 c5 2. Nf3 d6 3. d4 cxd4 4. Nxd4 Nf6 5. Nc3 a6 6. Bg5 e6 7. f4 Qb6 8. Qd2
Qxb2 9. Rb1 Qa3 10. f5 Nc6 11. fxe6 fxe6 12. Nxc6 bxc6 13. Be2 Be7 14. O-O O-O
15. Rb3 Qc5+ 16. Be3 Qe5 17. Bf4 Qc5+ 18. Kh1 Ng4 19. h3 e5 20. Na4 Qa7 21.
Bc4+ Kh8 {[%eval 50,0] *Turnierbuch;} 22. Nb6 $5 {[%eval -33,0] *Turnierbuch;}
exf4 {a Tempo} 23. hxg4 $1 (23. Nxa8 Ne3 $17) 23... Rb8 24. Rxf4 Rxf4 $2 (24...
Bd7 $13 {[%emt 0:00:10] Junior}) 25. Qxf4 {[%eval 19,0] a Tempo;} Qc7 $8 {
[%eval -18,0]} 26. Nxc8 (26. g5 $1 Qd8 27. Nxc8 Rxc8 28. g6 $40) 26... Rxc8 {
a Tempo} 27. Bxa6 $6 (27. Rh3 Rb8 28. Rxh7+ (28. g5 $5) 28... Kxh7 29. Qh2+ Bh4
30. Qxh4+ Kg6 31. Qh5+ Kf6 $11) 27... Rf8 28. Qd2 Qd7 29. Be2 Qa7 (29... Qe6
$15 {[%emt 0:00:10] Junior}) 30. Rc3 {[%eval 0,0] a Tempo;} (30. Rf3 $5) 30...
Qa5 {[%eval 33,0]} 31. Bf3 Ra8 32. e5 {a Tempo} dxe5 33. Bxc6 Rd8 34. Qe3 Bg5
35. Ra3 Qb4 {a Tempo} 36. Rd3 Qb1+ {a tempo} 37. Kh2 Qxc2 38. Rxd8+ Bxd8 39.
Qa3 Qf2 40. Qa8 {[%eval 0,0]} Qh4+ {[%eval 23,0]} 41. Kg1 1/2-1/2

[Event "Mephisto Cup (40/120')"]
[Site "?"]
[Date "2011.??.??"]
[Round "7"]
[White "Mephisto ARM2, RISC 1.2."]
[Black "Mephisto ARM2, RISC 2.0."]
[Result "1-0"]
[WhiteElo "2263"]
[BlackElo "2241"]
[Annotator "xchessg"]
[PlyCount "153"]
[SourceDate "2009.11.09"]

1. e4 e5 2. Nf3 Nc6 3. Bc4 Bc5 4. d3 d6 5. c3 Nf6 6. b4 Bb6 7. a4 a5 8. b5 Ne7
9. O-O O-O 10. Nbd2 Ng6 11. Bb3 d5 {[%eval 1,0] *Turnierbuch;} 12. Bb2 {[%eval
4,0] *Turnierbuch;} dxe4 13. dxe4 Bc5 14. Qc2 Qe7 {a Tempo} 15. h3 {[%eval 2,0]
} b6 {[%eval 21,0]} 16. Bd5 Nxd5 17. exd5 Nf4 18. c4 f6 19. Ne4 Bb4 20. Ng3 {
[%eval -18,0]} Bb7 {[%eval 30,0] a Tempo;} 21. Rad1 Rad8 22. Ne1 {a Tempo} g6
23. Nd3 Nxd3 24. Rxd3 Rfe8 25. Re3 Rd7 26. Re2 Ba3 {a Tempo} 27. Bxa3 Qxa3 28.
Ne4 Qe7 29. Rfe1 f5 30. Nd2 {[%eval 4,0]} Qd6 {[%eval 3,0]} 31. Nf3 Rde7 32.
Qc3 {a Tempo} e4 33. Nd4 Qe5 34. Re3 h6 35. f3 Qg7 {a Tempo} 36. Qd2 exf3 37.
Nxf3 Rxe3 38. Rxe3 Re4 39. Rxe4 fxe4 40. Nd4 g5 {[%eval 9,0] a Tempo;} 41. Ne6
{[%eval 40,0]} Qa1+ {[%eval -34,0] a Tempo;} 42. Kf2 Qf6+ 43. Ke3 {a Tempo} Qa1
44. Kxe4 {a Tempo} Qf6 45. Ke3 {[%eval 95,0]} Qa1 46. Qd3 Qe1+ 47. Kd4 Qa1+ 48.
Qc3 Qf1 {a Tempo} 49. Qg3 Qg1+ 50. Kd3 Qd1+ {[%eval -127,0] a Tempo;} 51. Ke3
Qc1+ 52. Kf2 Qxc4 {[%eval -199,0]} 53. Qe5 Qc2+ {[%eval -269,0]} 54. Kg3 Qg6
55. Qxc7 {[%eval 226,0]} Bxd5 56. Qd8+ Kf7 57. Qd7+ Kf6 58. Qxd5 Qf7 59. Qd8+ {
a Tempo} Kxe6 60. Qxb6+ {[%eval 213,0]} Kd5 {[%eval -203,0]} 61. Qc6+ Kd4 {a
Tempo} 62. Kh2 Qf4+ {a Tempo} 63. Kg1 Qe3+ 64. Kh1 Qe1+ {a Tempo} 65. Kh2 {
[%eval 203,0] a Tempo;} Qe5+ {[%eval -162,0]} 66. g3 {a Tempo} h5 67. Qf3 {a
Tempo} Kc4 68. h4 {a Tempo} Qb2+ 69. Qg2 {a Tempo} Qg7 70. hxg5 {[%eval 246,0]}
Kb3 {[%eval -260,0]} 71. Qf3+ {[%eval 306,0]} Kxa4 {[%eval -113,0]} 72. b6 {
[%eval 762,0]} Qb2+ {[%eval -761,0] a Tempo,} 73. Kh3 Qxb6 74. Qd1+ Kb5 75.
Qb3+ Ka6 76. Qxb6+ Kxb6 77. g6 1-0

[Event "Mephisto Cup (40/120')"]
[Site "?"]
[Date "2012.??.??"]
[Round "8"]
[White "Mephisto ARM2, RISC 2.0."]
[Black "Mephisto ARM2, RISC 1.2."]
[Result "1/2-1/2"]
[WhiteElo "2241"]
[BlackElo "2263"]
[Annotator "xchessg"]
[PlyCount "110"]
[SourceDate "2009.11.09"]

1. d4 Nf6 2. c4 e5 3. dxe5 Ng4 4. Bf4 Nc6 5. Nf3 Bb4+ 6. Nbd2 Qe7 7. a3 Ngxe5
8. Nxe5 Nxe5 9. e3 Bxd2+ 10. Qxd2 d6 11. Be2 O-O 12. O-O b6 13. b4 Bb7 14. Rfd1
{[%eval 15,0] *Turnierbuch;} Rae8 {[%eval -15,0]} 15. Rac1 f5 {a Tempo} 16. c5
dxc5 {a Tempo} 17. bxc5 Ng6 18. Bg3 f4 19. Bc4+ Kh8 20. exf4 {[%eval 47,0]} Qf6
{[%eval -50,0]} 21. cxb6 axb6 22. Bd3 c5 {a tempo} 23. Bxg6 Qxg6 {a Tempo} 24.
f3 Qf6 {a Tempo} 25. Qc3 {[%eval 57,0]} Bc6 {[%eval -52,0]} 26. Rd2 {a Tempo}
Ba4 27. Qc4 Qc6 28. Rb2 Re6 29. Re2 Rxe2 {a Tempo} 30. Qxe2 {[%eval 49,0]} Re8
{[%eval -41,0]} 31. Qd3 Qf6 32. Re1 Rxe1+ 33. Bxe1 h6 34. f5 {a Tempo} b5 35.
Bc3 {[%eval 71,0]} Qg5 {[%eval -47,0]} 36. h4 Qe7 {a Tempo} 37. Qe4 Qxe4 38.
fxe4 Bc2 39. f6 {a Tempo} gxf6 40. Bxf6+ {[%eval 22,0]} Kg8 {[%eval -8,0]} 41.
Be7 c4 42. e5 Kf7 43. Bb4 Ke6 {a Tempo} 44. Bc3 h5 {a Tempo} 45. Kf2 {[%eval
42,0]} Be4 {[%eval -47,0]} 46. g3 Kd5 47. Ke3 {a Tempo} Bf5 48. Kf4 Ke6 49. Ba1
Bg4 50. Ke4 {[%eval 80,0]} Bf5+ {[%eval -71,0]} 51. Kd4 Bg6 {a Tempo} 52. Kc5
Be8 {a Tempo} 53. Bb2 Bd7 54. a4 bxa4 55. Kxc4 {[%eval 71,0]} Be8 {[%eval -58,
0]} 1/2-1/2